banner-ar

مستقبل استخدام الطاقة / (Record no. 61960)

MARC details
000 -الفاتح
حقل البيانات ثابتة الطول 01213nam a22003137a 4500
005 - وقت وتاريخ اخر تعامل مع التسجيلة
رقم الضبط 20240530110524.0
008 - عناصر البيانات ثابتة الطول - معلومات عامة
حقل البيانات ثابتة الطول 150527s2011 ua a g 000 0 ara d
017 ## - رقم الايداع القانونى
رقم الايداع القانونى 4108
المصدر ( الهيئة المختصة) مصر . دار الكتب المصرية
020 ## - الرقم الدولى المعيارى للكتب
الرقم الدولى المعيارى للكتاب 9789773771338
040 ## - مصدر الفهرسة
وكالة الفهرسة الأصلية EG-CaGPL
082 04 - رقم تصنيف ديوى العشرى
رقم الطبعة 21
رقم التصنيف 333.79\
رقم المادة أ م
100 1# - المدخل الرئيسى - إسم شخصى
الإسم الشخصى اوكيف ؛ فيل
245 10 - بيان العنوان
العنوان مستقبل استخدام الطاقة /
بيان المسئوليه,etc تاليف فيل اوكيف ، جيوف اوبرين ، نيكولا بيرسال ؛ ترجمة عائشة حمدى .
250 ## - بيان الطبعة
بيان الطبعة ط1.
260 ## - PUBLICATION, DISTRIBUTION, ETC. (IMPRINT)
تاريخ النشر أو التوزيع 2011.
300 ## - الوصف المادى
التعداد 564 ص :
تفاصيل ماديه اخرى للوعاء ايض ؛
أبعاد الوعاء 24 سم .
650 04 - المدخل الاضافى بالموضوع-مصطلح موضوعى
مصطلح موضوعي الطاقة .
650 04 - المدخل الاضافى بالموضوع-مصطلح موضوعى
مصطلح موضوعي مصادر الطاقة .
650 04 - المدخل الاضافى بالموضوع-مصطلح موضوعى
مصطلح موضوعي مصادر الطاقة المتجددة .
650 04 - المدخل الاضافى بالموضوع-مصطلح موضوعى
مصطلح موضوعي الطاقة
التقسيم الفرعي العام حفظ .
650 04 - المدخل الاضافى بالموضوع-مصطلح موضوعى
مصطلح موضوعي الطاقة
التقسيم الفرعي العام تحويل .
650 04 - المدخل الاضافى بالموضوع-مصطلح موضوعى
مصطلح موضوعي الطاقة
التقسيم الفرعي العام اشكال .
650 04 - المدخل الاضافى بالموضوع-مصطلح موضوعى
مصطلح موضوعي بيئة الطاقة .
700 1# - المدخل الاضافى - اسم شخصى
الإسم الشخصى بيرسال ، نيكولا
الدور مؤلف مشارك
700 0# - المدخل الاضافى - اسم شخصى
الإسم الشخصى عائشة حمدى
الدور مترجم
700 1# - المدخل الاضافى - اسم شخصى
الإسم الشخصى اوبرين ، جيوف
الدور مؤلف مشارك
942 ## - عناصر المدخل الإضافي( كوها)
مصدر التصنيف او مخطط الترفيف Dewey Decimal Classification
Koha [default] item type كتاب
260 ## - PUBLICATION, DISTRIBUTION, ETC. (IMPRINT)
-- القاهرة :
-- مجموعة النيل العربية ،
Holdings
حالة التراجع حالة الفقد حالة تلف ليس للاعارة المكان المؤقت الموقع الحالى تاريخ الاكتساب اجمالي اﻻعارات رقم الطلب الباركود تاريخ اخر مشاهدة تاريخ تفعيل السعر نوع وعاء كوها
        مكتبة القاهرة الكبرى مكتبة القاهرة الكبرى 02/24/2016   333.79\ أ م 161419 02/24/2016 02/24/2016 كتاب

Powered By

EGPV